American, Chinese, and Japanese perspectives on wartime Asia, 1931-1949 /

Bibliographic Details
Other Authors: Iriye, Akira, Cohen, Warren I.
Format: Book
Language:English
Published: Wilmington, Del. : SR Books, [1990]
Series:America in the modern world (Unnumbered)
Subjects:

MARC

Tag First Indicator Second Indicator Subfields
LEADER 00000cam a2200000 a 4500
001 in00001108917
005 20150930061317.0
008 891130s1990 deu b 001 0 eng
010 |a  89070141  
020 |a 084202347X (alk. paper) 
035 |a (OCoLC)20798954 
035 |9 AFU9514AM 
040 |a DLC  |c DLC  |d UtOrBLW 
043 |a a------  |a n-us--- 
049 |a TXAM 
050 0 0 |a DS33.4.U6  |b A63 1990 
082 0 0 |a 327/.095  |2 20 
245 0 0 |a American, Chinese, and Japanese perspectives on wartime Asia, 1931-1949 /  |c Akira Iriye and Warren Cohen, editors. 
264 1 |a Wilmington, Del. :  |b SR Books,  |c [1990] 
264 4 |c ©1990 
300 |a xix, 308 pages ;  |c 24 cm. 
336 |a text  |b txt  |2 rdacontent 
337 |a unmediated  |b n  |2 rdamedia 
338 |a volume  |b nc  |2 rdacarrier 
490 1 |a America in the modern world 
504 |a Includes bibliographical references and index. 
651 0 |a Asia  |x Foreign relations  |z United States. 
651 0 |a United States  |x Foreign relations  |z Asia. 
651 0 |a Asia  |x History  |y 20th century. 
651 0 |a United States  |x Foreign relations  |y 20th century. 
700 1 |a Iriye, Akira. 
700 1 |a Cohen, Warren I. 
830 0 |a America in the modern world (Unnumbered) 
999 |a MARS 
999 f f |s c008f65c-bc76-350b-b989-c394d92293f7  |i 6d1b6820-d974-330c-bb9f-f5eb02dae60a  |t 0 
952 f f |p ric  |a Texas A&M University  |b Rellis Campus  |c Joint Library Facility  |d Remote Storage  |t 0  |e DS33.4.U6 A63 1990  |h Library of Congress classification  |i unmediated -- volume  |m A14817135229 
998 f f |a DS33.4.U6 A63 1990  |t 0  |l Remote Storage